Rozvoj kombinované dopravy
Hlavnou úlohou dopravnej politiky je rozvoj kombinovanej dopravy. Dokumenty podporujúce rozvoj kombinovanej dopravy.
Salvato in:
| Autore principale: | |
|---|---|
| Natura: | Capitolo di libro |
| Lingua: | ceco |
| Soggetti: | |
| Tags: |
Nessun Tag, puoi essere il primo ad aggiungerne!!
|
MARC
| LEADER | 00000naa a2200000 4500 | ||
|---|---|---|---|
| 001 | r019793 | ||
| 005 | 20221205102227.2 | ||
| 041 | 0 | |a cze | |
| 044 | |a CZ | ||
| 245 | 1 | 0 | |a Rozvoj kombinované dopravy |c J. Štěpánek |
| 520 | |a Hlavnou úlohou dopravnej politiky je rozvoj kombinovanej dopravy. Dokumenty podporujúce rozvoj kombinovanej dopravy. | ||
| 610 | 2 | 0 | |a doprava medzinárodná |
| 610 | 2 | 0 | |a politika dopravná |
| 610 | 2 | 0 | |a doprava kombinovaná |
| 610 | 2 | 0 | |a dokumenty |
| 610 | 2 | 0 | |a financovanie investícií |
| 100 | 1 | |a Štěpánek, J. | |